| 000 | 01595nam a2200469 i 4500 | ||
|---|---|---|---|
| 001 | 20213 | ||
| 003 | KOSZ 005 | ||
| 005 | 20220428130515.0 | ||
| 008 | 020718s1978 pl a |001 0 pol | ||
| 015 | _aUWD 1978/10761 | ||
| 035 | _a991018753969705066 | ||
| 035 | _a(PL-WaBN)b15084000-48omnis_nlop | ||
| 035 | _ab15084000 | ||
| 035 | _a(OCoLC)831035856 | ||
| 035 | _a(PL)b0000001508400 | ||
| 035 | _a(EXLNZ-48OMNIS_NETWORK)9910436185605606 | ||
| 040 |
_aWA N _cWA N _dKOSZ 005/HR |
||
| 046 | _k1978 | ||
| 080 | _a330.84/.86 | ||
| 080 | _a330.35 | ||
| 100 | 1 |
_aOstrowski, Marian _c(nauki ekonomiczne) _eAutor |
|
| 245 | 1 | 0 |
_aWyzwania rozwojowe / _cMarian Ostrowski, Zdzisław Sadowski. |
| 260 |
_aWarszawa : _bPaństwowe Wydawnictwo Ekonomiczne, _c1978. |
||
| 300 |
_a282, [2] s. : _bil., tab., wykr. ; _c20 cm. |
||
| 336 |
_aTekst _btxt _2rdacontent |
||
| 337 |
_aBez urządzenia pośredniczącego _bn _2rdamedia |
||
| 338 |
_aWolumin _bnc _2rdacarrier |
||
| 380 | _aKsiążki | ||
| 388 | _a1901-2000 | ||
| 388 | _a1945-1989 | ||
| 504 | _aIndeks. | ||
| 546 | _aStreszcz. ang., ros. | ||
| 650 | 7 |
_aPlanowanie gospodarcze _2DBN |
|
| 650 | 7 |
_aWzrost gospodarczy _2DBN |
|
| 650 | 7 | _aEkonomia polityczna socjalizmu | |
| 658 | _aGospodarka, ekonomia, finanse | ||
| 700 | 1 |
_aSadowski, Zdzisław _d(1925-2018) _eAutor |
|
| 710 | 2 |
_aPolskie Wydawnictwo Ekonomiczne _4pbl |
|
| 856 |
_uhttp://koha.tu.koszalin.pl/cgi-bin/koha/opac-detail.pl?biblionumber=20213 _yKatalog online BPK |
||
| 942 |
_2UKD _cKS |
||
| 999 |
_c20213 _d20213 |
||